TMS 9901 programmable systems interface data manual

Shranjeno v:
Bibliografske podrobnosti
Format: Knjiga
Jezik:Undetermined
Izdano: Taxas Instruments 1976
Teme:
Oznake: Označite
Brez oznak, prvi označite!
Thư viện lưu trữ: Trung tâm Học liệu Trường Đại học Cần Thơ
LEADER 00435nam a2200145Ia 4500
001 CTU_99108
008 210402s9999 xx 000 0 und d
082 |a 001.64 
082 |b T626 
245 0 |a TMS 9901 programmable systems interface data manual 
260 |b Taxas Instruments 
260 |c 1976 
650 |a Electronic data processing,Computer programs 
904 |i M.Loan 
980 |a Trung tâm Học liệu Trường Đại học Cần Thơ